Central Library OPAC University of Rajshahi

با نگاه فردوسى : مبانى نقد خرد سياسى در ايران ;; Bā nigāh-i Firdawsī : mabānī-i naqd-i khirad-i siyāsī dar Īrān / (Record no. 78738)

MARC details
000 -LEADER
fixed length control field 00953aaa a2200253 a 4500
001 - CONTROL NUMBER
control field 78738
003 - CONTROL NUMBER IDENTIFIER
rucl marc code BD-RjUL
005 - DATE AND TIME OF LATEST TRANSACTION
control field 20211209083152.0
008 - FIXED-LENGTH DATA ELEMENTS--GENERAL INFORMATION
fixed length control field 211109s19951373ir ||||| |||| 00| 0 per d
020 ## - INTERNATIONAL STANDARD BOOK NUMBER
International Standard Book Number 9643050661
035 ## - SYSTEM CONTROL NUMBER
System control number (BD-RjUL)78964
040 ## - CATALOGING SOURCE
Original cataloging agency BD-RjUL
Language of cataloging eng
Transcribing agency BD-RjUL
041 ## - LANGUAGE CODE
Language code of text/sound track or separate title per
082 ## - DEWEY DECIMAL CLASSIFICATION NUMBER
Edition number 23
Classification number 891.5511
Author mark and year PAB 1995
100 1# - MAIN ENTRY--PERSONAL NAME
Personal name پرهام, باقر. ;; Parham, Baqer.
9 (RLIN) 249797
245 10 - TITLE STATEMENT
Title با نگاه فردوسى : مبانى نقد خرد سياسى در ايران ;; Bā nigāh-i Firdawsī : mabānī-i naqd-i khirad-i siyāsī dar Īrān /
Statement of responsibility, etc. باقر پرهام. باقر پرهام ;; Bāqir Parhām
250 ## - EDITION STATEMENT
Edition statement Chāp-i 1
260 ## - PUBLICATION, DISTRIBUTION, ETC. (IMPRINT)
Place of publication, distribution, etc. Tihrān :
Name of publisher, distributor, etc. Nashr-i Markaz, نشر مركز;;
Date of publication, distribution, etc. 1373 [1994 or 1995]
300 ## - PHYSICAL DESCRIPTION
Pagination 134 pages ;
Size 22 cm
600 ## - SUBJECT ADDED ENTRY--PERSONAL NAME
Personal name Firdawsī.
650 ## - SUBJECT ADDED ENTRY--TOPICAL TERM
Topical term or geographic name as entry element Firdawsī.
Form subdivision Shāhnāmah.
9 (RLIN) 249799
Topical term or geographic name as entry element Firdawsī
Form subdivision Political and social views.
9 (RLIN) 249800
942 ## - ADDED ENTRY ELEMENTS (KOHA)
Source of classification or shelving scheme Dewey Decimal Classification
Koha item type Books
Holdings
Lost status Source of classification or shelving scheme Damaged status Not for loan Collection code Permanent Location Current Location Shelving location Date acquired Source of acquisition Cost, normal purchase price Total Checkouts Full call number Date last seen Copy number Koha item type
  Dewey Decimal Classification   Not For Loan Non-fiction Central Library, University of Rajshahi Central Library, University of Rajshahi Reading Room 11/07/2007 paragon 10.00   F 891.5511 PAB 1955 09/11/2021 C-1 Books